| 000 | 00379nam a2200145Ia 4500 | ||
|---|---|---|---|
| 008 | 230511s2014 xx 000 0 und d | ||
| 041 | _aeng | ||
| 082 | _a348.044 | ||
| 100 | _aSaha A N | ||
| 245 | _aSupreme Court on Criminal Law (1950 to 2013) | ||
| 250 | _a3rd Ed. | ||
| 260 |
_aNew Delhi _bWhytes & Com _c2014 |
||
| 300 | _a5186 to 6414p. | ||
| 906 | _aSupreme Court Cases | ||
| 999 |
_c352713 _d352713 |
||